00625nam a2200169 i 450000100060000000300090000600500170001500700030003200800410003524501180007626000370019430000220023170000310025385200320028499900170031695201220033376395ES-MaACL20230906172829.0t|041001s1970 sp ||||1| spa d00aGuía para el cálculo de los precios en la construcción / c[traducción y revisión, Pedro Camps Vehí]. aBarcelona : bSagitario, c1970. a107 p. ; c32 cm.1 aCamps Vehi, Pedro.9199629 aES-MaACLjC-46210 bR.75057 c76395d76395 00104070aATENEOMbATENEOMcDEPO2d2008-01-17eSCl0oC-46210p1079948r2023-02-23 00:00:00w2023-02-23yMONOGRAFIA